000 00456nam a2200181Ia 4500
008 170705s9999 xx 000 0 und d
020 _a9780516249988
245 _aRainy-day music /
245 _cJudith Jensen Hyde ; illustrated by Jason Abbott.
260 _aNew York :
260 _bScholastic,
260 _c2006
300 _a31 pages :
300 _bcolor illustration ;
300 _c18cm.
440 _aA rookie reader.
500 _a210
999 _c335442
_d335442